000 01160nam a2200301 i 4500
003 EG-GICUC
005 20260127172210.0
008 260127s1989 ua ||||fr|||| 001 0 ara d
040 _a EG-GICUC
_bara
_c EG-GICUC
_d EG-GICUC
_erda
041 _aara
082 0 4 _a343.414
_bم ح . ج
_221
092 0 4 _221
099 _aLaw1 10 343.414 م ح . ج 1989 1006576
100 0 _aمحمد كمال حمدي.
_eمؤلف.
245 1 0 _aجريمة التهريب الجمركي وقرينة التهريب /
_cدكتور محمد كمال حمدي.
264 1 _aالقاهرة :
_bدار المطبوعات الجامعية،
_c1989.
300 _a293 صفحة ؛
_c22 سم.
_bإيضاحيات، صور، مثيليات ؛
336 _2rda content
_atext
337 _2rda media
_aComputer
338 _2rda carrier
_aOnline Resource
504 _aيشتمل على ارجاعات ببليوجرافية.
546 _aالنص باللغة العربية
650 1 _aقانون العقوبات الجمركي.
_2qrmak
651 1 _2qrmak
856 4 0 _uhttps://fll.law.cu.edu.eg/fulltext/bks/B10-06576.pdf
905 _a18
942 _2ddc
_n0
_cBK
_e21
999 _c59732
_d59732